000 00642nam a2200241 i 4500
001 29209
003 ES-MaACL
007 t|
008 030121s1984 sp ||||1| spa d
020 _a84-85137-63-9 (O.C.)
100 1 _aBarea, Arturo.
_925603
245 1 3 _aLa forja de un rebelde /
_cArturo Barea.
260 _aMadrid :
_bTurner,
_c1984.
300 _a3 v. ;
_c20 cm.
490 1 _aAltor
505 8 _aContiene: I: La forja. -- II: La ruta. -- III: La llama
740 3 _aLa forja.
740 3 _aLa ruta.
740 3 _aLa llama.
830 0 _aAltor
_9181236
852 _aES-MaACL
_jE-4836-8
_bR.111247
999 _c29209
_d29209